|
|
|
|
| LEADER |
00812nam a2200277 4500 |
| 001 |
DLU090076603 |
| 005 |
##20090619 |
| 040 |
# |
# |
|a DLU
|b vie
|
| 041 |
# |
# |
|a vie
|
| 044 |
# |
# |
|a vn
|
| 100 |
# |
# |
|a Hoàng Văn Hảo,
|c GS.PTS.
|
| 245 |
# |
# |
|a Hiến pháp Việt Nam và vấn đề quyền con người, quyền công dân /
|c Hoàng Văn Hảo.
|
| 653 |
# |
# |
|a Hiến pháp Việt Nam
|
| 653 |
# |
# |
|a Quyền công dân
|
| 653 |
# |
# |
|a Quyền con người
|
| 653 |
# |
# |
|a Vị trí
|
| 773 |
# |
# |
|t Luật học
|g Số 4, 1997, tr. 29-34
|
| 920 |
# |
# |
|a Phòng Tạp chí -- Trung tâm Thông tin - Thư viện Trường Đại học Đà Lạt
|
| 994 |
# |
# |
|a DLU
|
| 900 |
# |
# |
|a True
|
| 911 |
# |
# |
|a Nguyễn Thị Mai Anh
|
| 925 |
# |
# |
|a G
|
| 926 |
# |
# |
|a A
|
| 927 |
# |
# |
|a BB
|
| 980 |
# |
# |
|a Thư viện Trường Đại học Đà Lạt
|